000
00218nam a22000857a 4500
008
161125b xxu||||| |||| 00| 0 eng d
100
_9
1445
_a
Arya. A. S
245
_a
Oliver twist III text book X
260
_a
Delhi
_b
CBSE
_c
2007
999
_c
4169
_d
4169